| 000 | 01156nam a22002537a 4500 | ||
|---|---|---|---|
| 003 | BDDh-ASL | ||
| 005 | 20231015031247.0 | ||
| 008 | 200916s1979 b ||||| b||| 00| 0 b d | ||
| 040 |
_aBDDh-ASL _cBDDh-ASL _dBDDh-ASL |
||
| 041 | _abengali | ||
| 082 |
_a297.0955 _bHII |
||
| 100 | 1 |
_aহিলালী, শেখ গোলাম মকসূদ _97682 |
|
| 245 | 1 |
_aইরান ও ইসলাম: _cতাদের পারস্পরিক প্রভাব / |
|
| 246 | _aIran O Islam. | ||
| 260 |
_aরাজশাহী: _bহিলালী ফাউন্ডেশন, _c১৯৭৯। |
||
| 300 | _c২2 সে.মি.। | ||
| 600 | _2ইরান | ||
| 650 | 0 |
_9803 _aইসলাম ও ইরান সম্পর্ক _xইসলাম ধর্ম |
|
| 650 | 0 |
_aIslamic History (ইসলামের ইতিহাস), Islamic Civilization, ইসলামী সভ্যতা, Isalāmī sabhyatā _95885 |
|
| 650 | 0 |
_aইসলাম ধর্ম (Islamic Religion) _96085 |
|
| 650 | 0 |
_aIran (ইরান) _96854 |
|
| 700 | 1 |
_aমমতাজউদ্দীন, মুহাম্মদ _97684 |
|
| 942 |
_2ddc _cBK |
||
| 999 |
_c31335 _d31335 |
||